000 00905cam a2200265 i 4500
999 _c5924
_d5924
001 5924
003 BD-JhCC
005 20171231134056.0
008 770505s1977 ilu b 001 0 eng
035 _a(BD-JhCC)5924
040 _aDLC
_cDLC
_dDLC
_dBD-JhCC
041 _aeng
050 0 0 _aLB5
_b.N25 76th, pt. 1
_aLB1576
082 0 0 _a420.7/1073
_bTEA 1959
245 0 4 _aThe Teaching of English /
_cRandolph Quirk...[ et. all.].
260 _aLondon :
_bOxford University Press,
_c1964.
300 _a163 p. :
_c24 cm.
490 1 _aYearbook of the National Society for the Study of Education ; 76th, pt. 1
504 _aIncludes bibliographical references and index.
650 0 _aEnglish language
_xStudy and teaching.
650 0 _aLanguage arts.
700 1 _aQuirk, Randolph
830 0 _aYearbook of the National Society for the Study of Education ;
_vnew ser., 76th, pt. 1.
942 _2ddc
_cBK